000 00703nam a22001937a 4500
003 BUBTL
008 200128b xxu||||| |||| 00| 0 eng d
020 _a9789848794470
082 _a891.443/ T129j/ 2014
100 _92963
_aঠাকুর, রবীন্দ্রনাথ
245 _aযোগাযোগ /
_cরবীন্দ্রনাথ ঠাকুর
250 _a1st ed.
260 _aঢাকা :
_bমেসার্স প্রতীক প্রকাশনা সংস্থা,
_cc2014.
300 _a227 p. :
_c22 cm.
650 0 _91687
_aবাংলা সাহিত্য
856 _k0
_l0
_yDownload
942 _2ddc
_cBK
999 _c6261
_d6261